Miera a integrál
Guardado en:
| Autores principales: | , |
|---|---|
| Formato: | Libro |
| Lenguaje: | eslovaco |
| Publicado: |
Bratislava :
Veda,
1981
|
| Etiquetas: |
Sin Etiquetas, Sea el primero en etiquetar este registro!
|
MARC
| LEADER | 00000nam a22000003a 4500 | ||
|---|---|---|---|
| 001 | stu33447 | ||
| 005 | 20150617225600.4 | ||
| 008 | 981020s1981------------------------slo-d | ||
| 040 | |a STU |b slo | ||
| 041 | 0 | |a slo | |
| 080 | |a 519 |7 stu_us_auth*stu7042 | ||
| 100 | 1 | |a Neubrunn, Tibor |4 aut | |
| 245 | 1 | |a Miera a integrál | |
| 260 | |a Bratislava : |b Veda, |c 1981 | ||
| 300 | |a 554 s | ||
| 700 | 1 | |a Riečan, Beloslav |4 aut | |
| 996 | |b E48519 |c E*48519 |l EE03 |s P |a 0 |w stu33447_0001 | ||
| 996 | |b E48520 |c E*48520 |l EE03 |s P |a 0 |w stu33447_0002 | ||
| 996 | |b E48518 |c E*48518 |l EE03 |s P |a 0 |w stu33447_0003 | ||
| 996 | |b 284EK01836 |c E*48391 |l EE01 |s A |a 24 |w stu33447_0007 | ||